Impuesto de renta : (Registro nro. 5672)

Detalles MARC
000 -LEADER
fixed length control field 01412nam a2200277Ia 4500
003 - CONTROL NUMBER IDENTIFIER
control field OSt
005 - DATE AND TIME OF LATEST TRANSACTION
control field 20200704120925.0
008 - FIXED-LENGTH DATA ELEMENTS--GENERAL INFORMATION
fixed length control field 191128s2009 ck fr 001 0 spa d
020 ## - INTERNATIONAL STANDARD BOOK NUMBER
International Standard Book Number 9789586485852
040 ## - CATALOGING SOURCE
Original cataloging agency CO-JMCR
Transcribing agency CO-JMCR
041 0# - LANGUAGE CODE
Language code of text/sound track or separate title spa
082 04 - DEWEY DECIMAL CLASSIFICATION NUMBER
Classification number 336.24 /
Item number G216i
Edition number 23
100 1# - MAIN ENTRY--PERSONAL NAME
Personal name García Restrepo, Javier,
Relator term autor
9 (RLIN) 6663
245 10 - TITLE STATEMENT
Title Impuesto de renta :
Remainder of title las grandes falencias del contribuyente /
Statement of responsibility, etc. Javier E. García Restrepo
250 ## - EDITION STATEMENT
Edition statement Primera edición
260 ## - PUBLICATION, DISTRIBUTION, ETC.
Place of publication, distribution, etc. Bogotá :
Name of publisher, distributor, etc. Ecoe,
Date of publication, distribution, etc. 2009
300 ## - PHYSICAL DESCRIPTION
Extent xvi, 178 páginas ;
Dimensions 24 cm.
490 0# - SERIES STATEMENT
Series statement Ciencias administrativas. Área contabilidad y finanzas
500 ## - GENERAL NOTE
General note Incluye índice de abreviaturas.
504 ## - BIBLIOGRAPHY, ETC. NOTE
Bibliography, etc. note Bibliografía: páginas 177-178
505 0# - FORMATTED CONTENTS NOTE
Formatted contents note No leer el Estatuto Tributario de acuerdo a las coherencias -- Predicar que todos los dividendos son no constitutivos de renta ni ganancia ocasional -- Solicitar como I.N.C.R.N.G.O. la indemnización por daño emergente conjuntamente con el costo fiscal
520 3# - SUMMARY, ETC.
Summary, etc. Se tratarán aquellos pecados o falencias que a mi consideración son importantes, eso sí, sin agotar el tema, y con la seguridad de que cada vez que lea una norma, vieja o actual o cada vez que entienda mejor el suceder tributario, es posible que encuentre
650 14 - SUBJECT ADDED ENTRY--TOPICAL TERM
Topical term or geographic name entry element Impuestos sobre la renta
Geographic subdivision Colombia
9 (RLIN) 6664
650 14 - SUBJECT ADDED ENTRY--TOPICAL TERM
Topical term or geographic name entry element Cuentas de orden fiscales
Geographic subdivision Colombia
9 (RLIN) 6665
942 ## - ADDED ENTRY ELEMENTS (KOHA)
Source of classification or shelving scheme Dewey Decimal Classification
Koha item type Books
Existencias
Withdrawn status Lost status Source of classification or shelving scheme Damaged status Not for loan Collection code Home library Current library Date acquired Source of acquisition Cost, normal purchase price Total Checkouts Full call number Barcode Date last seen Copy number Koha item type
    Dewey Decimal Classification     Non-fiction Biblioteca Pública José María del Castillo y Rada Biblioteca Pública José María del Castillo y Rada 01/01/2010 Donación 0.00   336.24 / G216i 430003436 05/16/2024 Ej.1 Books